[Event "Titled Tuesday intern op 08th Aug Early"]
[Site "Chess.com INT"]
[Date "2023.08.08"]
[Round "2"]
[White "Escudero Donoso, Felipe"]
[Black "Al Mutairi, Hassan S"]
[Result "1-0"]
[WhiteElo "2055"]
[BlackElo "1892"]
[PlyCount "143"]
[EventDate "2023.08.08"]
[EventType "swiss (blitz)"]
[EventRounds "11"]
[EventCountry "USA"]
[SourceTitle "EXT 2024"]
[Source "ChessBase"]
[SourceDate "2023.10.10"]
[SourceVersion "1"]
[SourceVersionDate "2023.10.10"]
[SourceQuality "1"]

1. d4 Nf6 2. Bg5 e6 3. Nd2 h6 4. Bh4 Be7 5. e3 Nc6 6. c3 d5 7. Bd3 Bd7 8. f4 0-0 9. Ngf3 Ne8 10. Bxe7 Qxe7 11. 0-0 Nd6 12. Ne5 Be8 13. Qg4 f5 14. Qg3 Ne4 15. Bxe4 fxe4 16. a3 Nxe5 17. fxe5 Bh5 18. Rae1 Rxf1+ 19. Nxf1 Rf8 20. h3 c5 21. Nh2 cxd4 22. exd4 Be8 23. Ng4 Kh8 24. Ne3 Bb5 25. Kh2 Bd3 26. Qg4 Qf7 27. Rc1 b5 28. Nc2 Qf4+ 29. Qxf4 Rxf4 30. Nb4 Bc4 31. Kg3 Rf1 32. Rxf1 Bxf1 33. Kf2 Bc4 34. Nc6 a6 35. Nd8 Kg8 36. Nxe6 Kf7 37. Nc7 a5 38. Na6 b4 39. Nc5 bxc3 40. bxc3 Bb5 41. g3 a4 42. Ke3 Kg6 43. Kf4 h5 44. g4 hxg4 45. hxg4 Kf7 46. g5 g6 47. e6+ Ke8 48. Ke3 Ke7 49. Kf4 Ke8 50. Kg3 Ke7 51. Kf2 Be8 52. Ke3 Bb5 53. Kd2 Kd6 54. Ke3 Be8 55. c4 Bb5 56. cxb5 Kc7 57. Nxe4 dxe4 58. Kxe4 Kd6 59. d5 Kc7 60. Ke5 Kd8 61. d6 Ke8 62. Kf6 Kd8 63. Kf7 Kc8 64. e7 Kb7 65. e8Q Kb6 66. Qc6+ Ka5 67. Qc3+ Kxb5 68. d7 Kb6 69. d8Q+ Kb5 70. Qb8+ Ka6 71. Qc6+ Ka5 72. Qcb5# 1-0

[Event "Titled Tuesday intern op 02nd May Early"]
[Site "Chess.com INT"]
[Date "2023.05.02"]
[Round "1"]
[White "Al Mutairi, Hassan S"]
[Black "Bilan, Danila"]
[Result "1/2-1/2"]
[WhiteElo "1892"]
[BlackElo "2303"]
[PlyCount "52"]
[EventDate "2023.05.02"]
[EventType "swiss (blitz)"]
[EventRounds "11"]
[EventCountry "USA"]
[SourceTitle "EXT 2024"]
[Source "ChessBase"]
[SourceDate "2023.10.10"]
[SourceVersion "1"]
[SourceVersionDate "2023.10.10"]
[SourceQuality "1"]

1. e4 c6 2. d4 d5 3. Nc3 dxe4 4. Nxe4 Bf5 5. Ng3 Bg6 6. h4 h6 7. Nf3 Nd7 8. Bd3 Bxd3 9. Qxd3 Qc7 10. Be3 e6 11. 0-0-0 Bd6 12. Ne2 Ngf6 13. g3 0-0-0 14. Nf4 Rhe8 15. Rhe1 e5 16. dxe5 Nxe5 17. Nxe5 Bxe5 18. Qf5+ Kb8 19. Rxd8+ Rxd8 20. Nd3 Bd6 21. Bxh6 Bf8 22. Bg5 Be7 23. Qe5 Bd6 24. Qf5 Be7 25. Qe5 Bd6 26. Qf5 Be7 1/2-1/2

[Event "Wch Blitz"]
[Site "Moscow"]
[Date "2019.12.30"]
[Round "13"]
[White "Al Mutairi, Hassan S"]
[Black "Usov, Aleksandr E"]
[Result "0-1"]
[WhiteElo "1883"]
[BlackElo "2012"]
[PlyCount "78"]
[EventDate "2019.12.29"]
[EventType "swiss (blitz)"]
[EventRounds "21"]
[EventCountry "RUS"]
[SourceTitle "CBM 193 Extra"]
[Source "ChessBase"]
[SourceDate "2020.01.31"]
[SourceVersion "1"]
[SourceVersionDate "2020.01.31"]
[SourceQuality "1"]

1. Nf3 Nf6 2. c4 c6 3. g3 d5 4. Bg2 Bf5 5. 0-0 e6 6. cxd5 cxd5 7. Qb3 Qb6 8. Nc3 Nc6 9. d3 Bd6 10. Nh4 Bg4 11. h3 Bh5 12. Nf3 0-0 13. Bg5 Nd7 14. Rac1 Qxb3 15. axb3 Bxf3 16. exf3 Nd4 17. Rcd1 Nxb3 18. Nb5 Bb8 19. d4 a6 20. Nc3 Ba7 21. Be3 Nb6 22. Rd3 Nc4 23. Nxd5 exd5 24. Rxb3 b5 25. f4 Rfd8 26. f5 Rab8 27. Ra1 a5 28. Bf4 Rb7 29. Rd1 b4 30. Be3 a4 31. Rbd3 Nxb2 32. R3d2 Nxd1 33. Rxd1 b3 34. Bg5 f6 35. Bd2 a3 36. Bc3 b2 37. Rb1 Rb5 38. Bf1 Rb3 39. Bd2 a2 0-1

[Event "Wch Blitz"]
[Site "Moscow"]
[Date "2019.12.29"]
[Round "8"]
[White "Masrahi, Abdulrahman A"]
[Black "Al Mutairi, Hassan S"]
[Result "1/2-1/2"]
[WhiteElo "1956"]
[BlackElo "1883"]
[PlyCount "38"]
[EventDate "2019.12.29"]
[EventType "swiss (blitz)"]
[EventRounds "21"]
[EventCountry "RUS"]
[SourceTitle "CBM 193 Extra"]
[Source "ChessBase"]
[SourceDate "2020.01.31"]
[SourceVersion "1"]
[SourceVersionDate "2020.01.31"]
[SourceQuality "1"]

1. d4 d6 2. Nf3 Nf6 3. Nc3 Nbd7 4. e4 e5 5. dxe5 dxe5 6. Bc4 Bb4 7. Qe2 Bxc3+ 8. bxc3 0-0 9. 0-0 Re8 10. Bg5 h6 11. Bxf6 Qxf6 12. Rfd1 Nc5 13. h3 Be6 14. Bxe6 Nxe6 15. Qe3 Nf4 16. Rd2 Red8 17. Rad1 Rxd2 18. Rxd2 Rd8 19. Rxd8+ Qxd8 1/2-1/2

[Event "Arab Cities"]
[Site "Hammamet"]
[Date "2019.02.22"]
[Round "3.1"]
[White "Belouadah, Saad"]
[Black "Al Mutairi, Hassan S"]
[Result "1-0"]
[WhiteElo "2414"]
[BlackElo "1828"]
[PlyCount "101"]
[EventDate "2019.02.21"]
[EventType "team-swiss"]
[EventRounds "7"]
[EventCountry "TUN"]
[SourceTitle "CBM 189 Extra"]
[Source "ChessBase"]
[SourceDate "2019.06.03"]
[SourceVersion "1"]
[SourceVersionDate "2019.06.03"]
[SourceQuality "1"]
[WhiteTeam "Alger"]
[BlackTeam "Er Riadh"]
[WhiteTeamCountry "ALG"]
[BlackTeamCountry "TUN"]

1. d4 d5 2. c4 Bf5 3. Nc3 e6 4. Nf3 Nc6 5. Bf4 Nf6 6. e3 a6 7. h3 Bd6 8. Bg5 Be7 9. cxd5 exd5 10. Bd3 Bxd3 11. Qxd3 h6 12. Bh4 Nh5 13. Qf5 g6 14. Bxe7 Nxe7 15. Qc2 Nf6 16. 0-0 0-0 17. Rfc1 c6 18. b4 Nd7 19. Na4 b5 20. Nc5 Nb6 21. Ne5 Nc4 22. Ned7 Re8 23. Nf6+ Kg7 24. Nxe8+ Qxe8 25. a4 Nf5 26. axb5 axb5 27. Rxa8 Qxa8 28. Qc3 Qa2 29. Ra1 Qe2 30. Qe1 Qb2 31. Rb1 Qa2 32. Rd1 Qc2 33. Rc1 Qa2 34. Nd3 Nfd6 35. Qd1 Qa3 36. Rb1 Ne4 37. Qb3 Qa4 38. Nc5 Nxc5 39. dxc5 Qxb3 40. Rxb3 Kf6 41. Rd3 Ke5 42. Kf1 Ke4 43. Ke2 Nb2 44. Rd2 Na4 45. f3+ Ke5 46. Kd3 f5 47. f4+ Ke6 48. g4 g5 49. fxg5 hxg5 50. Kd4 fxg4 51. hxg4 1-0

[Event "Olympiad-43"]
[Site "Batumi"]
[Date "2018.10.01"]
[Round "7.73"]
[White "Diallo, Djibril"]
[Black "Al Mutairi, Hassan S"]
[Result "1/2-1/2"]
[WhiteElo "1648"]
[BlackElo "1809"]
[PlyCount "82"]
[EventDate "2018.09.24"]
[EventType "team-swiss"]
[EventRounds "11"]
[EventCountry "GEO"]
[SourceTitle "CBM 187"]
[Source "ChessBase"]
[SourceDate "2018.12.11"]
[SourceVersion "1"]
[SourceVersionDate "2018.12.11"]
[SourceQuality "1"]
[WhiteTeam "Mali"]
[BlackTeam "Saudi Arabia"]
[WhiteTeamCountry "MLI"]
[BlackTeamCountry "SAU"]

1. c4 d6 2. d4 Nf6 3. Nf3 Nbd7 4. Nc3 e5 5. dxe5 dxe5 6. Bg5 c6 7. Bxf6 Qxf6 8. a3 a5 9. Ne4 Qe7 10. e3 g6 11. Be2 f5 12. Nc3 Bg7 13. 0-0 0-0 14. Rb1 Kh8 15. b4 Nf6 16. c5 axb4 17. axb4 Rd8 18. Qc2 Qc7 19. Rfd1 Be6 20. Rxd8+ Rxd8 21. Rd1 Nd5 22. e4 Nxb4 23. Rxd8+ Qxd8 24. Qb1 Qa5 25. Ng5 Bg8 26. exf5 Qxc5 27. Nce4 Qc2 28. Qxc2 Nxc2 29. f6 h6 30. fxg7+ Kxg7 31. Nf3 Nd4 32. Bd1 Bd5 33. Nd6 Nxf3+ 34. Bxf3 Bxf3 35. gxf3 b5 36. Kf1 Kf6 37. Ke2 Ke6 38. Ne4 Kd5 39. Kd3 b4 40. Nf6+ Ke6 41. Ng4 Kf5 1/2-1/2

[Event "Olympiad-43"]
[Site "Batumi"]
[Date "2018.09.24"]
[Round "1.53"]
[White "Bjerre, Jonas Buhl"]
[Black "Al Mutairi, Hassan S"]
[Result "1-0"]
[WhiteElo "2423"]
[BlackElo "1809"]
[PlyCount "67"]
[EventDate "2018.09.24"]
[EventType "team-swiss"]
[EventRounds "11"]
[EventCountry "GEO"]
[SourceTitle "CBM 187"]
[Source "ChessBase"]
[SourceDate "2018.12.11"]
[SourceVersion "1"]
[SourceVersionDate "2018.12.11"]
[SourceQuality "1"]
[WhiteTeam "Denmark"]
[BlackTeam "Saudi Arabia"]
[WhiteTeamCountry "DEN"]
[BlackTeamCountry "SAU"]

1. e4 e5 2. Nf3 Nc6 3. Bb5 f5 4. Nc3 fxe4 5. Nxe4 d5 6. Nxe5 dxe4 7. Nxc6 Qg5 8. Qe2 Nf6 9. f4 Qxf4 10. d4 Qh4+ 11. g3 Qh3 12. Bg5 a6 13. Ba4 Bd7 14. Bxf6 Bxc6 15. Bxc6+ bxc6 16. Qxe4+ Kd7 17. Be5 Bd6 18. 0-0-0 Qe6 19. Rhe1 Rhe8 20. Qxh7 Qxa2 21. Qf5+ Qe6 22. Qxe6+ Rxe6 23. Bxg7 Rg6 24. Be5 Rh6 25. Re2 Rg8 26. Bxd6 cxd6 27. Rf1 Rg7 28. Rf8 a5 29. Ra8 Rg5 30. Ra7+ Kd8 31. Rf2 Ke8 32. Rff7 Rb5 33. Rfc7 Rb8 34. h4 1-0

[Event "Arab Clubs-chT"]
[Site "Agadir"]
[Date "2015.10.17"]
[Round "6.3"]
[White "Sidi, Mbareck Mohamed"]
[Black "Al Mutairi, Hassan S"]
[Result "1-0"]
[WhiteElo "1932"]
[BlackElo "1933"]
[PlyCount "41"]
[EventDate "2015.10.13"]
[EventType "team-swiss"]
[EventRounds "9"]
[EventCountry "MAR"]
[SourceTitle "CBM 170 Extra"]
[Source "ChessBase"]
[SourceDate "2016.02.25"]
[SourceVersion "1"]
[SourceVersionDate "2016.02.25"]
[SourceQuality "1"]
[WhiteTeam "Teyarett"]
[BlackTeam "Saudi Club"]
[WhiteTeamCountry "MAU"]
[BlackTeamCountry "UAE"]

1. Nf3 d5 2. c4 c6 3. g3 Nf6 4. Bg2 Bf5 5. cxd5 cxd5 6. 0-0 e6 7. d3 h6 8. Nc3 Be7 9. e4 dxe4 10. dxe4 Qxd1 11. Rxd1 Nxe4 12. Nd4 Nxc3 13. bxc3 Nd7 14. Nxf5 exf5 15. Bxb7 Rd8 16. Bc6 Bc5 17. Bf4 Bb6 18. Bd6 f6 19. Re1+ Kf7 20. Re7+ Kg6 21. Bxd7 1-0

[Event "Asian Continental op 13th"]
[Site "Sharjah"]
[Date "2014.04.19"]
[Round "3"]
[White "Al Mutairi, Hassan S"]
[Black "Abdulkarim, Ali"]
[Result "1/2-1/2"]
[WhiteElo "2106"]
[BlackElo "1927"]
[PlyCount "35"]
[EventDate "2014.04.17"]
[EventType "swiss"]
[EventRounds "9"]
[EventCountry "UAE"]
[SourceTitle "CBM 160"]
[Source "ChessBase"]
[SourceDate "2014.05.15"]
[SourceVersion "1"]
[SourceVersionDate "2014.05.15"]
[SourceQuality "1"]

1. d4 Nf6 2. Nf3 d5 3. Bf4 e6 4. e3 c5 5. c3 Nc6 6. Bd3 cxd4 7. exd4 Bd6 8. Bg3 0-0 9. Nbd2 b6 10. Ne5 Bb7 11. f4 Ne7 12. Qb1 Ng6 13. Nxg6 hxg6 14. Nf3 Ne4 15. Ne5 Kh7 16. Qd1 Bxe5 17. fxe5 f5 18. Qf3 1/2-1/2

[Event "Asian Continental op 13th"]
[Site "Sharjah"]
[Date "2014.04.17"]
[Round "1"]
[White "Al Mutairi, Hassan S"]
[Black "Rahman, Ziaur"]
[Result "0-1"]
[WhiteElo "2106"]
[BlackElo "2513"]
[PlyCount "86"]
[EventDate "2014.04.17"]
[EventType "swiss"]
[EventRounds "9"]
[EventCountry "UAE"]
[SourceTitle "CBM 160"]
[Source "ChessBase"]
[SourceDate "2014.05.15"]
[SourceVersion "1"]
[SourceVersionDate "2014.05.15"]
[SourceQuality "1"]

1. d4 d6 2. Nf3 Bg4 3. Nbd2 Nd7 4. c4 c6 5. h3 Bh5 6. Qb3 Qc7 7. Ne4 Bg6 8. Ng3 e5 9. e4 Ngf6 10. Bd3 exd4 11. Nxd4 Nc5 12. Qc2 d5 13. cxd5 Nxd5 14. Qe2 Nxd3+ 15. Qxd3 Bb4+ 16. Kf1 Ne7 17. Be3 0-0 18. Rc1 Nd5 19. Ndf5 Nxe3+ 20. Qxe3 Rfd8 21. Qf3 Qe5 22. Qb3 Qf4 23. Rc4 a5 24. a3 Bf8 25. Ne2 Qd2 26. g4 Qd1+ 27. Qxd1 Rxd1+ 28. Kg2 Rd2 29. Ned4 Rxb2 30. a4 Re8 31. Kf3 f6 32. Rhc1 Bf7 33. R1c2 Rb6 34. R4c3 Rb4 35. Nxc6 bxc6 36. Rxc6 Rbxe4 37. Rc7 Rxa4 38. Ra7 Ra3+ 39. Kg2 Bd5+ 40. Kh2 g6 41. Ng3 Bd6 42. Rd2 Bxg3+ 43. fxg3 Ra1 0-1